Which Is Which? Aragog, Aragon, Aragorn, Aramis, Eragon Quiz Stats

 Plays Quiz not verified by Sporcle

Support Sporcle.
Go Orange.
Score 0/30 Timer 04:00
0 Plays Today
% Correct
Aragog
79.5%
Aragog
78.6%
Aragog
78.3%
Aragog
74.9%
Aragorn
74%
Aragog
73.8%
Aragorn
72.9%
Eragon
71.8%
Aragorn
71.8%
Aramis
71%
Aragorn
70.8%
Aragorn
69.3%
Aramis
69%
Aramis
68.7%
Aragon
68.4%
% Correct
Aragon
67.5%
Aragon
65.9%
Aragorn
65.6%
Aragon
65.4%
Aragog
65.1%
Aramis
60.4%
Eragon
59.1%
Eragon
59%
Aragon
58%
Eragon
56.8%
Eragon
56.2%
Aramis
56%
Aragon
54.6%
Aramis
52.9%
Eragon
51.2%

You're not logged in!

Compare scores with friends on all Sporcle quizzes.
OR
Log In

From the Vault

Author - Book - Character Match

by chair

Better hope those character names stuck with you through the years (or they made a movie of the book.)
Remove Ads.
Support Sporcle.
Get the best of Sporcle when you Go Orange. This ad-free experience offers more features, more stats, and more fun while also helping to support Sporcle. Thank you for becoming a member.

Show Comments

Extras

Top Quizzes Today


Score Distribution

Your Account Isn't Verified!

In order to create a playlist on Sporcle, you need to verify the email address you used during registration. Go to your Sporcle Settings to finish the process.

Report this User

Report this user for behavior that violates our Community Guidelines.

Details: